From jailer to jailed : my journey from correction ... Read More
Available copies
- 1 of 1 copy available at LARL/NWRL Consortium.
- 1 of 1 copy available at Lake Agassiz Regional Library. (Show preferred library)
Current holds
0 current holds with 1 total copy.
Show Only Available Copies
| Location | Call Number / Copy Notes | Barcode | Shelving Location | Status | Due Date |
|---|---|---|---|---|---|
| Moorhead Public Library | 921 KER (Text) | 33500012046975 | Main | Available | - |
Record details
- ISBN: 9781476783703 (hbk.)
- ISBN: 1476783705 (hbk.)
- Physical Description: xi, 304 pages ; 24 cm
- Edition: First Threshold Editions hardcover edition.
- Publisher: New York : Threshold Editions, 2015.
Content descriptions
| General Note: | Includes index. |
| Formatted Contents Note: | Introduction -- The other side of the bars. ... Read More |
| Summary, etc.: | "Bernard Kerik was New York City's police ... Read More |
Search for related items by subject
| Genre: | Biography. |
| LDR | 03364cam a2200589 i 4500 | ||
|---|---|---|---|
| 001 | 178415 | ||
| 003 | LARL_NWRL_CONSORTIUM | ||
| 005 | 20150409103602.0 | ||
| 008 | 140918s2015 nyu 001 0aeng | ||
| 010 | . | ‡a2014036249 | |
| 020 | . | ‡a9781476783703 (hbk.) | |
| 020 | . | ‡a1476783705 (hbk.) | |
| 020 | . | ‡z9781476783710 (pbk.) | |
| 020 | . | ‡z1476783713 (pbk.) | |
| 035 | . | ‡a(OCoLC)883146768 | |
| 040 | . | ‡aDLC ‡erda ‡beng ‡cDLC ‡dIG# ‡dBTCTA ‡dBDX ‡dOCLCF ‡dZHB ‡dILC ‡dRB0 ‡dAPL | |
| 043 | . | ‡an-us-ny ‡an-us--- | |
| 050 | 1 | 0. | ‡aHV7911.K394 ‡bA3 2015 |
| 082 | 0 | 0. | ‡a365/.6092 ‡aB ‡223 |
| 100 | 1 | . | ‡aKerik, Bernard B., ‡eauthor. ‡0(LARL_NWRL_CONSORTIUM)12146 |
| 245 | 1 | 0. | ‡aFrom jailer to jailed : ‡bmy journey from correction and police commissioner to inmate #84888-054 / ‡cBernard B. Kerik. |
| 246 | 3 | 0. | ‡aMy journey from correction and police commissioner to inmate #84888-054 |
| 250 | . | ‡aFirst Threshold Editions hardcover edition. | |
| 260 | . | ‡aNew York : ‡bThreshold Editions, ‡c2015. | |
| 300 | . | ‡axi, 304 pages ; ‡c24 cm | |
| 336 | . | ‡atext ‡btxt ‡2rdacontent | |
| 337 | . | ‡aunmediated ‡bn ‡2rdamedia | |
| 338 | . | ‡avolume ‡bnc ‡2rdacarrier | |
| 520 | . | ‡a"Bernard Kerik was New York City's police commissioner during the 9/11 attacks, who became an American hero as he led the NYPD through rescue and recovery efforts of the World Trade Center. Now, he is a former federal prison inmate known as #84888-054, convicted of tax fraud and false statements in 2007. Now for the first time, he talks candidly about his time on the inside: the torture of solitary confinement, the abuse of power, the mental and physical torment of being locked up in a cage, the powerlessness"--Amazon.com. | |
| 500 | . | ‡aIncludes index. | |
| 505 | 0 | . | ‡aIntroduction -- The other side of the bars. Despair ; Cumberland ; Eyes open ; Time stands still ; Taming Rikers ; The box and the angel ; A supermax for the King ; Terror ; Life lessons -- How it happened. A few good men ; The rise before the fall ; Gifts, nannies, and renovations ; In Jordan ; The Feds close in ; Losing Rudy ; Kerik needs help ; Ties that bind -- Reform. From the inside ; Return ; A new direction. |
| 600 | 1 | 0. | ‡aKerik, Bernard B. ‡0(LARL_NWRL_CONSORTIUM)12146 |
| 650 | 0. | ‡aPolice chiefs ‡zNew York (State) ‡zNew York ‡vBiography. | |
| 650 | 0. | ‡aCriminals ‡zNew York (State) ‡zNew York ‡vBiography. ‡0(LARL_NWRL_CONSORTIUM)171733 | |
| 610 | 1 | 0. | ‡aNew York (N.Y.). ‡bPolice Department ‡xOfficials and employees ‡vBiography. |
| 650 | 0. | ‡aFraud ‡zNew York (State) ‡zNew York. | |
| 650 | 0. | ‡aCriminal justice, Administration of ‡zUnited States. ‡0(LARL_NWRL_CONSORTIUM)35646 | |
| 600 | 1 | 7. | ‡aKerik, Bernard B. ‡2fast ‡0(LARL_NWRL_CONSORTIUM)12146 |
| 610 | 1 | 7. | ‡aNew York (N.Y.). ‡bPolice Department. ‡2fast |
| 650 | 7. | ‡2fast ‡aCriminal justice, Administration of ‡0(LARL_NWRL_CONSORTIUM)18017 | |
| 650 | 7. | ‡2fast ‡aCriminals ‡0(LARL_NWRL_CONSORTIUM)18372 | |
| 650 | 7. | ‡aEmployees. ‡2fast ‡0(LARL_NWRL_CONSORTIUM)35912 | |
| 650 | 7. | ‡2fast ‡aFraud ‡0(LARL_NWRL_CONSORTIUM)20764 | |
| 650 | 7. | ‡aPolice chiefs. ‡2fast ‡0(LARL_NWRL_CONSORTIUM)28454 | |
| 651 | 7. | ‡aNew York (State) ‡zNew York. ‡2fast | |
| 651 | 7. | ‡aUnited States. ‡2fast ‡0(LARL_NWRL_CONSORTIUM)54625 | |
| 655 | 7. | ‡aBiography. ‡2fast | |
| 948 | . | ‡hNO HOLDINGS IN LAL - 162 OTHER HOLDINGS | |
| 994 | . | ‡aZ0 ‡bLAL | |
| 901 | . | ‡a178415 ‡bOCLC ‡c178415 ‡tbiblio | |

Add to basket
Permalink
Enable Highlighting